000 00499nam a2200193 4500
003 OSt
005 20260530115322.0
008 260520b |||||||| |||| 00| 0 eng d
040 _aICI
_bspa
_cICI
_erda
050 _aF1219.1
_b.M27
100 1 _aBanitez, Fernando
_eautor
_934536
245 _aMaguey
264 _aMéxico
_bArtes de México
_c2000
300 _a128 páginas
336 _2rdacontent
_atexto
337 _2rdamedia
_asin medio
338 _2rdacarrier
_avolumen
942 _2lcc
_n1
_cBK
999 _c13814
_d13814